000 00598nam a22002057a 4500
003 OSt
005 20220107122747.0
008 140527b xxu||||| |||| 00| 0 eng d
020 _a9781584883814
040 _cIIITM-K
082 _a006.76 SIN/P
245 _aThe practical handbook of internet computing
_cedited by Munindar P Singh
260 _aUSA,
_bCRC Press,
_c2013.
650 _aCOMPUTER SCIENCE
_95398
650 _aCOMMUNICATION TECHNOLOGY
_95399
650 _aINTERNET COMMUNICATION
_95400
650 _aINTERNET COMPUTING
_95401
700 _aSingh, Munndar P
_95402
942 _2ddc
_cBK
999 _c4233
_d4233